Kurikulum dan pendidikan guru

Bibliographic Details
Other Authors: Al-Afendi, Muhammad Hamid
Format: Book
Published: Kuala Lumpur : DBP , 1992
Subjects:

MARC

LEADER 00000cam a2200000 7i4500
001 0000005255
002 000005677
005 20000330.0
020 |a 9836213651 
090 0 0 |a 297.7   |b KUR 
245 0 0 |a Kurikulum dan pendidikan guru   |c disunting oleh Prof.Muhammad Hamid Al-Afendi dan Prof.Nabi Ahmad Baloch ; Ahmad Jayfni Hassan,Mohamad Nordin Zainuddin,Asiah Idris 
260 |a Kuala Lumpur :   |b DBP ,   |c 1992 
300 |a 242 p. ;   |c 21 cm. 
650 0 0 |a Islamic education 
700 0 |a Al-Afendi, Muhammad Hamid 
999 |a 033638   |b BUKU   |c PINJAMAN   |e PERPUSTAKAAN KOMUNITI PETALING JAYA